000 00550nam a2200181 4500
001 119498
003 ES-MaACL
005 20230906191328.0
007 t|
008 070214s1972 sp r ||||1| spa d
100 1 _aPierce, G. J.
_991935
245 1 0 _aCómo medir el capital y la inversión de una empresa /
_cpor G. J. Pierce ; traducido por José Mª Saenz.
260 _aMadrid :
_bI. E. E.,
_c1972.
300 _a138 p. ;
_c21 cm.
700 0 _aSáenz, José María.
_9183050
852 _aES-MaACL
_jC-48930
_bR.84831
999 _c119498
_d119498